| 000 | 00843nam a2200193 i 4500 | ||
|---|---|---|---|
| 001 | 183712 | ||
| 003 | ES-MaACL | ||
| 005 | 20240120062957.0 | ||
| 008 | 141002s2011 sp | |||||||| | spa d | ||
| 020 | _a978-84-9973-235-0 | ||
| 080 | _a821.134.2-34"19" | ||
| 100 | 1 |
_aRuiz de Torres, Juan, _d1931-2014 _9155342 |
|
| 245 | 1 | 0 |
_aDoce docenas / _cJuan Ruiz de Torres. |
| 260 |
_aMálaga : _bCorona del Sur, _c2011. |
||
| 300 |
_a3 v. ; _c19 cm. |
||
| 505 | 8 | _aContine: v. 2. Historias de Cleta ; Historias de un niño ; Historias de amor (210 p.) -- v. 3. Historias de tierra adentro ; Historias de arqueología ; Historias de fantasía y S.F. (ciencia-ficción) (277 p.) -- v. 4. Historia de misterio y suspense ; Historias del lado oscuro ; Historias de humor (218 p.) | |
| 852 |
_aES-MaACL _jP-1972 |
||
| 999 |
_c183712 _d183712 |
||